[Event "Mecklenburg VP LL2 West 2122"]
[Site "Mecklenburg VP"]
[Date "2022.05.01"]
[Round "9.6"]
[White "Lotz, Robert"]
[Black "Altenburg, Reiner"]
[Result "0-1"]
[WhiteElo "1987"]
[BlackElo "1953"]
[PlyCount "106"]
[EventDate "2021.10.24"]
[EventType "team-tourn"]
[EventRounds "9"]
[EventCountry "GER"]
[SourceTitle "EXT 2024"]
[Source "ChessBase"]
[SourceDate "2023.10.10"]
[SourceVersion "1"]
[SourceVersionDate "2023.10.10"]
[SourceQuality "1"]
[WhiteTeam "Waren Malchow"]
[BlackTeam "Ludwigslust"]
[WhiteTeamCountry "GER"]
[BlackTeamCountry "GER"]

1. e4 c5 2. Nf3 Nc6 3. Nc3 d6 4. d4 cxd4 5. Nxd4 Nf6 6. Nxc6 bxc6 7. Be3 e5 8. Be2 Be7 9. 0-0 0-0 10. f4 Qc7 11. fxe5 dxe5 12. Bc4 Bg4 13. Qe1 Bh5 14. a3 Ng4 15. h3 Nxe3 16. Qxe3 Qb6 17. Qxb6 axb6 18. g4 Bg6 19. Rad1 Bc5+ 20. Kg2 Bd4 21. Kf3 Bxc3 22. bxc3 Rxa3 23. Rd3 Ra4 24. Bb3 Bxe4+ 25. Ke3 Bxd3 26. Kxd3 Ra7 27. Ke4 Re8 28. g5 g6 29. Rf6 Rc7 30. h4 Kg7 31. Rd6 h6 32. Rf6 hxg5 33. hxg5 b5 34. Rd6 Ree7 35. c4 Rcd7 36. Rxc6 Rd4+ 37. Ke3 bxc4 38. Bxc4 Rg4 39. Bd5 Rxg5 40. c4 f5 41. Rc8 Rg3+ 42. Ke2 e4 43. Kf2 Rd3 44. Ra8 f4 45. Ra2 g5 46. Re2 Rd4 47. Rc2 g4 48. Kg2 g3 49. Kf1 Kf6 50. Kg2 Rh7 51. Rc1 Rh2+ 52. Kg1 Rhd2 53. Re1 Rd1 0-1

[Event "Mecklenburg VP LL2 West 2122"]
[Site "Mecklenburg VP"]
[Date "2022.03.06"]
[Round "6.5"]
[White "Lotz, Robert"]
[Black "Roeste, Stein"]
[Result "1-0"]
[WhiteElo "1987"]
[BlackElo "1731"]
[PlyCount "124"]
[EventDate "2021.10.24"]
[EventType "team-tourn"]
[EventRounds "9"]
[EventCountry "GER"]
[SourceTitle "EXT 2024"]
[Source "ChessBase"]
[SourceDate "2023.10.10"]
[SourceVersion "1"]
[SourceVersionDate "2023.10.10"]
[SourceQuality "1"]
[WhiteTeam "Waren Malchow"]
[BlackTeam "Rostock Makkabi"]
[WhiteTeamCountry "GER"]
[BlackTeamCountry "GER"]

1. e4 c5 2. Nf3 Nc6 3. d4 cxd4 4. Nxd4 a6 5. Be3 e6 6. Bc4 Qc7 7. Nxc6 bxc6 8. 0-0 Nf6 9. f3 Be7 10. Qe2 d5 11. exd5 cxd5 12. Bb3 Bc5 13. Ba4+ Bd7 14. Bxd7+ Nxd7 15. c3 Bxe3+ 16. Qxe3 Qc5 17. Qxc5 Nxc5 18. Rd1 Rb8 19. b3 Ke7 20. Nd2 Rhd8 21. Kf1 e5 22. Ke2 f5 23. c4 d4 24. g3 Kf6 25. Rf1 g5 26. h4 h6 27. hxg5+ hxg5 28. Rh1 Rh8 29. Rag1 a5 30. g4 fxg4 31. fxg4 e4 32. Rf1+ Ke6 33. Rxh8 Rxh8 34. Rf5 Rh2+ 35. Kd1 Rh1+ 36. Kc2 d3+ 37. Kc3 Rc1+ 38. Kd4 Rc2 39. Ke3 Nd7 40. Rxg5 Rxa2 41. Nxe4 Ra3 42. Rb5 Ne5 43. Rb6+ Ke7 44. g5 a4 45. Rb7+ Ke6 46. Nc5+ Kf5 47. Nxa4 Nxc4+ 48. bxc4 Rxa4 49. Rb5+ Ke6 50. Kxd3 Kd6 51. Kd4 Kc6 52. Rf5 Ra1 53. Rf6+ Kd7 54. Kd5 Rd1+ 55. Kc5 Ke7 56. Ra6 Rg1 57. g6 Kf8 58. Re6 Rd1 59. Kc6 Ra1 60. c5 Kg7 61. Kb7 Rb1+ 62. Rb6 Rc1 1-0

[Event "Mecklenburg VP LL2 West 2122"]
[Site "Mecklenburg VP"]
[Date "2021.11.21"]
[Round "3.5"]
[White "Lotz, Robert"]
[Black "Schott, Andy"]
[Result "0-1"]
[WhiteElo "1987"]
[BlackElo "1504"]
[PlyCount "56"]
[EventDate "2021.10.24"]
[EventType "team-tourn"]
[EventRounds "9"]
[EventCountry "GER"]
[SourceTitle "EXT 2024"]
[Source "ChessBase"]
[SourceDate "2023.10.10"]
[SourceVersion "1"]
[SourceVersionDate "2023.10.10"]
[SourceQuality "1"]
[WhiteTeam "Waren Malchow"]
[BlackTeam "Guestrow/Teterow II"]
[WhiteTeamCountry "GER"]
[BlackTeamCountry "GER"]

1. b4 d5 2. e3 Bf5 3. Bb2 e6 4. a3 Nf6 5. c4 c6 6. Nf3 Be7 7. Nh4 Bg4 8. Nf3 0-0 9. h3 Bh5 10. d4 Nbd7 11. Bd3 a5 12. c5 axb4 13. axb4 Qc7 14. Be2 Ne4 15. Nbd2 Bxf3 16. Nxf3 b6 17. 0-0 bxc5 18. bxc5 Rxa1 19. Qxa1 Qb7 20. Qc1 Ra8 21. Qc2 Bf6 22. Ra1 Rxa1+ 23. Bxa1 Ndxc5 24. Ne5 Bxe5 25. dxe5 Qb3 26. Qc1 g6 27. Bd4 Nd3 28. f3 Nxc1 0-1

[Event "Mecklenburg VP LL2 Ost 1617"]
[Site "Mecklenburg VP"]
[Date "2017.01.15"]
[Round "5.7"]
[White "Lotz, Robert"]
[Black "Ernst, Mathias"]
[Result "1/2-1/2"]
[WhiteElo "1657"]
[BlackElo "1687"]
[PlyCount "104"]
[EventDate "2016.10.16"]
[EventType "team-tourn"]
[EventRounds "9"]
[EventCountry "GER"]
[SourceTitle "EXT 2022"]
[Source "ChessBase"]
[SourceDate "2021.10.06"]
[SourceVersion "1"]
[SourceVersionDate "2021.10.06"]
[SourceQuality "1"]
[WhiteTeam "Waren Malchow"]
[BlackTeam "Rostock HSG Uni"]
[WhiteTeamCountry "GER"]
[BlackTeamCountry "GER"]

1. e4 c5 2. Nf3 Nc6 3. d4 cxd4 4. Nxd4 d6 5. Bb5 Bd7 6. Bxc6 bxc6 7. 0-0 Nf6 8. f3 e5 9. Ne2 Qb6+ 10. Kh1 Be7 11. Nbc3 h6 12. b3 0-0 13. Na4 Qc7 14. c4 Rad8 15. Ba3 Bc8 16. Qc2 d5 17. Bxe7 Qxe7 18. cxd5 cxd5 19. exd5 Nxd5 20. Qc5 Qxc5 21. Nxc5 Ne3 22. Rg1 Rd2 23. Ng3 f6 24. Rae1 Nc2 25. Re2 Rxe2 26. Nxe2 Rd8 27. Nc3 f5 28. Rd1 Rd4 29. Kg1 Kf7 30. Kf2 Rxd1 31. Nxd1 Ke7 32. Ne3 Nxe3 33. Kxe3 Kd6 34. Nd3 Kd5 35. a3 g6 36. f4 e4 37. Nb4+ Kc5 38. Nc2 Be6 39. Nd4 Bd7 40. h3 h5 41. g3 Kd5 42. h4 Kc5 43. Nc2 Be6 44. Na1 Bd5 45. Kd2 a5 46. Kc3 Be6 47. Nc2 Bd7 48. a4 Be6 49. Na3 Bd5 50. Nc2 Be6 51. Nd4 Bc8 52. Nc2 Bd7 1/2-1/2

[Event "Mecklenburg VP LL2 West 1516"]
[Site "Mecklenburg VP"]
[Date "2015.09.20"]
[Round "1.6"]
[White "Peter, Volkhard"]
[Black "Lotz, Robert"]
[Result "0-1"]
[WhiteElo "1612"]
[BlackElo "1669"]
[PlyCount "66"]
[EventDate "2015.09.20"]
[EventType "team-tourn"]
[EventRounds "9"]
[EventCountry "GER"]
[SourceTitle "EXT 2022"]
[Source "ChessBase"]
[SourceDate "2021.10.06"]
[SourceVersion "1"]
[SourceVersionDate "2021.10.06"]
[SourceQuality "1"]
[WhiteTeam "Schwerin SV Einheit"]
[BlackTeam "Waren Malchow"]
[WhiteTeamCountry "GER"]
[BlackTeamCountry "GER"]

1. e4 c5 2. d4 cxd4 3. c3 dxc3 4. Nxc3 Nc6 5. Bc4 d6 6. Nf3 g6 7. 0-0 Bg7 8. Be3 Nf6 9. Qe2 0-0 10. Rfd1 Bg4 11. h3 Bxf3 12. gxf3 Qa5 13. Nd5 Nxd5 14. Rxd5 Qc7 15. Rc1 a6 16. Rg5 Qd7 17. Qf1 Bxb2 18. Qg2 e6 19. Rd1 Bf6 20. Rh5 b5 21. Bb3 Qe7 22. Bg5 Bxg5 23. Rxg5 Kg7 24. f4 Na5 25. Rd3 Nxb3 26. axb3 Rg8 27. Rdg3 Kf8 28. e5 d5 29. f5 Rc8 30. Rh5 exf5 31. Rxf5 Qe6 32. Rgg5 Qxf5 33. Kh2 Qf4+ 0-1

[Event "Mecklenburg VP LL2 Ost 1415"]
[Site "Mecklenburg VP"]
[Date "2015.04.12"]
[Round "8.5"]
[White "Lotz, Robert"]
[Black "Buenz, Heinrich"]
[Result "1/2-1/2"]
[WhiteElo "1712"]
[BlackElo "1609"]
[PlyCount "141"]
[EventDate "2014.09.21"]
[EventType "team-tourn"]
[EventRounds "9"]
[EventCountry "GER"]
[SourceTitle "EXT 2022"]
[Source "ChessBase"]
[SourceDate "2021.10.06"]
[SourceVersion "1"]
[SourceVersionDate "2021.10.06"]
[SourceQuality "1"]
[WhiteTeam "Waren ESV"]
[BlackTeam "Neubrandenburg SG Eintracht III"]
[WhiteTeamCountry "GER"]
[BlackTeamCountry "GER"]

1. e4 e5 2. Nf3 Nc6 3. d4 exd4 4. Nxd4 Nxd4 5. Qxd4 Qf6 6. e5 Qc6 7. Nc3 Ne7 8. Qe4 Qxe4+ 9. Nxe4 Ng6 10. f4 Be7 11. h3 b6 12. Bd3 Bb7 13. 0-0 0-0 14. g3 c5 15. c4 f6 16. exf6 Bxf6 17. Nxf6+ Rxf6 18. Bxg6 Rxg6 19. g4 Rd6 20. Be3 Rd3 21. Kf2 Re8 22. Rfe1 d5 23. cxd5 Bxd5 24. b3 Kf7 25. h4 Bc6 26. Rac1 Bb7 27. b4 Ra3 28. bxc5 Rxa2+ 29. Re2 Rxe2+ 30. Kxe2 b5 31. c6 Bc8 32. f5 Re7 33. Rc5 Re4 34. Kf3 Re7 35. Kf4 Kf6 36. Bd4+ Kf7 37. Rd5 Rc7 38. Rd6 a5 39. Bb6 Re7 40. Bxa5 Re2 41. Rd8 Ra2 42. Bb4 g6 43. fxg6+ hxg6 44. Kg5 Be6 45. Kh6 Bxg4 46. Rf8+ Ke6 47. c7 Kd5 48. c8Q Bxc8 49. Rxc8 Ra4 50. Be7 Ra6 51. Rc5+ Ke6 52. Bg5 Rb6 53. Bc1 b4 54. Rg5 Kf7 55. Bb2 b3 56. Rf5+ Kg8 57. Rf6 Rb4 58. Rxg6+ Kf7 59. Rg7+ Ke6 60. h5 Kf5 61. Kh7 Rh4 62. h6 Rh2 63. Bc3 Rc2 64. Ba1 b2 65. Bxb2 Rxb2 66. Ra7 Kf6 67. Rg7 Rb8 68. Rg6+ Kf5 69. Rg1 Rb7+ 70. Rg7 Rb8 71. Rg1 1/2-1/2

[Event "Mecklenburg VP LL2 Ost 1415"]
[Site "Mecklenburg VP"]
[Date "2014.09.21"]
[Round "1.5"]
[White "Rath, Wolfgang"]
[Black "Lotz, Robert"]
[Result "1/2-1/2"]
[WhiteElo "1607"]
[BlackElo "1712"]
[PlyCount "62"]
[EventDate "2014.09.21"]
[EventType "team-tourn"]
[EventRounds "9"]
[EventCountry "GER"]
[SourceTitle "EXT 2022"]
[Source "ChessBase"]
[SourceDate "2021.10.06"]
[SourceVersion "1"]
[SourceVersionDate "2021.10.06"]
[SourceQuality "1"]
[WhiteTeam "Graal Mueritz"]
[BlackTeam "Waren ESV"]
[WhiteTeamCountry "GER"]
[BlackTeamCountry "GER"]

1. e4 g6 2. d4 Bg7 3. Be3 d6 4. Bc4 Nf6 5. f3 0-0 6. Qd2 d5 7. Bd3 dxe4 8. Bxe4 Nxe4 9. fxe4 c5 10. c3 cxd4 11. cxd4 Nc6 12. Ne2 Bg4 13. Nbc3 Qa5 14. h3 Bxe2 15. Nxe2 Qxd2+ 16. Kxd2 Rfd8 17. d5 e6 18. Nc3 exd5 19. Nxd5 Nb4 20. Rad1 Nxd5 21. exd5 Rxd5+ 22. Kc2 Rc8+ 23. Kb1 Rxd1+ 24. Rxd1 b6 25. Rd7 Re8 26. Bc1 Ra8 27. Rb7 Bd4 28. Bh6 a5 29. b3 Bc5 30. Kc2 Re8 31. Kd3 f5 1/2-1/2

[Event "Mecklenburg VP LL2 Ost 1314"]
[Site "Mecklenburg VP"]
[Date "2013.12.15"]
[Round "4.6"]
[White "Lotz, Robert"]
[Black "Nickel, Udo"]
[Result "1/2-1/2"]
[WhiteElo "1736"]
[BlackElo "1675"]
[PlyCount "156"]
[EventDate "2013.10.27"]
[EventType "team-tourn"]
[EventRounds "9"]
[EventCountry "GER"]
[SourceTitle "EXT 2022"]
[Source "ChessBase"]
[SourceDate "2021.10.06"]
[SourceVersion "1"]
[SourceVersionDate "2021.10.06"]
[SourceQuality "1"]
[WhiteTeam "Waterkant Saal SV"]
[BlackTeam "Waren ESV"]
[WhiteTeamCountry "GER"]
[BlackTeamCountry "GER"]

1. e4 e6 2. Nf3 d5 3. exd5 exd5 4. d4 Bd6 5. h3 Nf6 6. Bd3 h6 7. 0-0 0-0 8. Ne5 Be6 9. Bf4 c5 10. c3 cxd4 11. cxd4 Qb6 12. b3 Nbd7 13. Nxd7 Nxd7 14. Bxd6 Qxd6 15. Nd2 Rac8 16. Nf3 Rc3 17. Qd2 Rfc8 18. Rfe1 a6 19. Rac1 Qc7 20. Rxc3 Qxc3 21. Qe3 Qb2 22. a4 Rc3 23. Rb1 Qxb1+ 24. Bxb1 Rxe3 25. fxe3 g6 26. Bd3 f5 27. Kf2 Kg7 28. h4 Kf6 29. g3 Ke7 30. Ke1 Kf6 31. Kd2 g5 32. hxg5+ hxg5 33. a5 Bf7 34. b4 Bh5 35. Nh2 Nb8 36. b5 axb5 37. Bxb5 Ke6 38. Kc3 Kd6 39. Kb4 Nc6+ 40. Bxc6 Kxc6 41. Nf1 Be2 42. Nd2 b6 43. Nb3 bxa5+ 44. Kxa5 Kd6 45. Kb6 Bf1 46. Nc5 Be2 47. Nb7+ Kd7 48. Kc5 Bc4 49. Nd6 f4 50. gxf4 gxf4 51. exf4 Bb3 52. Nf5 Ke6 53. Ne3 Ba2 54. f5+ Kf6 55. Kd6 Bb3 56. Kc5 Ba2 57. Kd6 Bb3 58. Kc5 Ba2 59. Kb4 Kg5 60. Kc5 Kf6 61. Nxd5+ Kxf5 62. Ne3+ Ke6 63. Nc4 Bb1 64. d5+ Ke7 65. d6+ Kd8 66. Nb6 Be4 67. Kd4 Bg2 68. Ke5 Bh3 69. Na4 Kd7 70. Nc5+ Kd8 71. Ne6+ Ke8 72. Kd5 Kd7 73. Nf4 Bg4 74. Ng6 Bf3+ 75. Kc5 Bg2 76. Ne5+ Kd8 77. Ng6 Kd7 78. Nf4 Bf3 1/2-1/2

[Event "Mecklenburg VP LL2 Ost 1213"]
[Site "Mecklenburg VP"]
[Date "2012.11.25"]
[Round "3.6"]
[White "Lotz, Robert"]
[Black "Klingenberg, Dietrich"]
[Result "1-0"]
[WhiteElo "1767"]
[BlackElo "1670"]
[PlyCount "120"]
[EventDate "2012.10.14"]
[EventType "team-tourn"]
[EventRounds "9"]
[EventCountry "GER"]
[SourceTitle "EXT 2022"]
[Source "ChessBase"]
[SourceDate "2021.10.06"]
[SourceVersion "1"]
[SourceVersionDate "2021.10.06"]
[SourceQuality "1"]
[WhiteTeam "Waren ESV"]
[BlackTeam "Bergen Rugia"]
[WhiteTeamCountry "GER"]
[BlackTeamCountry "GER"]

1. e4 e6 2. d4 d5 3. e5 c5 4. c3 Nc6 5. Nf3 Qb6 6. Be2 cxd4 7. cxd4 Nge7 8. 0-0 Nf5 9. Be3 Qxb2 10. Nbd2 Nxe3 11. fxe3 Qc3 12. Kf2 Be7 13. Qa4 Qa5 14. Bb5 Qxa4 15. Bxa4 a6 16. Bc2 0-0 17. e4 dxe4 18. Bxe4 f5 19. Bxc6 bxc6 20. Nb3 a5 21. Rfc1 Bd7 22. Nc5 Bxc5 23. Rxc5 Rfb8 24. Rac1 Rb2+ 25. R1c2 Rxc2+ 26. Rxc2 Rb8 27. Nd2 a4 28. a3 Kf7 29. Rc4 Ra8 30. Rb4 Ra7 31. Nc4 g5 32. g3 Ke7 33. Ke3 h5 34. Rb8 g4 35. Nd6 Rc7 36. Rb7 Kd8 37. Rb8+ Bc8 38. Ra8 c5 39. Rxa4 cxd4+ 40. Kxd4 Rc2 41. Rc4 Rxc4+ 42. Nxc4 Kc7 43. Kc5 Bb7 44. Ne3 Bc6 45. Nd1 Ba4 46. Nc3 Bc6 47. Ne2 Ba4 48. Nf4 Kd7 49. Nxh5 Kc7 50. Nf4 Bd7 51. Nd3 Ba4 52. Nb2 Bb3 53. a4 Bd5 54. Nd3 Bb3 55. a5 Bd5 56. a6 Bb3 57. Nb4 Bd1 58. Nc6 Bf3 59. Nd4 Bd5 60. Nb5+ Kd7 1-0

[Event "Mecklenburg VP LL2 Ost 1213"]
[Site "Mecklenburg VP"]
[Date "2012.11.11"]
[Round "2.6"]
[White "Matzek, Franz David"]
[Black "Lotz, Robert"]
[Result "0-1"]
[WhiteElo "1674"]
[BlackElo "1767"]
[PlyCount "122"]
[EventDate "2012.10.14"]
[EventType "team-tourn"]
[EventRounds "9"]
[EventCountry "GER"]
[SourceTitle "EXT 2022"]
[Source "ChessBase"]
[SourceDate "2021.10.06"]
[SourceVersion "1"]
[SourceVersionDate "2021.10.06"]
[SourceQuality "1"]
[WhiteTeam "Gryps SV"]
[BlackTeam "Waren ESV"]
[WhiteTeamCountry "GER"]
[BlackTeamCountry "GER"]

1. e4 g6 2. d4 d6 3. Be2 Bg7 4. Nc3 Nf6 5. Be3 0-0 6. g4 d5 7. e5 Ne8 8. g5 f6 9. gxf6 exf6 10. Nf3 Nc6 11. exf6 Nxf6 12. Ne5 Qe8 13. Nxc6 Qxc6 14. Qd2 Bf5 15. 0-0-0 Ne4 16. Nxe4 Bxe4 17. Rhg1 Qb6 18. c3 Qd6 19. Rg3 Rf7 20. f3 Bf5 21. Rdg1 Re8 22. Bd3 Qe6 23. Re1 Bxd3 24. Qxd3 Bh6 25. Bxh6 Qxe1+ 26. Kc2 Qe2+ 27. Bd2 Rfe7 28. f4 Qxd3+ 29. Kxd3 Re2 30. f5 Kf7 31. fxg6+ hxg6 32. Rf3+ Kg7 33. Bf4 Rxb2 34. Bxc7 Rxa2 35. Rh3 Ree2 36. Be5+ Kf7 37. Rh7+ Ke6 38. Bf4 b6 39. h4 Kf5 40. Rf7+ Kg4 41. Bg5 Rh2 42. Rf4+ Kh5 43. Rf3 b5 44. Ke3 Rhe2+ 45. Kd3 a5 46. Rf7 Rh2 47. Rd7 Rxh4 48. Be3 Rf2 49. Rxd5+ Rf5 50. Rd7 a4 51. Kd2 Rh2+ 52. Kd3 Kh4 53. Rh7+ Kg3 54. Rg7 Rf6 55. Rb7 Rh5 56. c4 bxc4+ 57. Kxc4 Rc6+ 58. Kb4 Ra6 59. Bc1 Kf3 60. Rd7 Ke4 61. Bb2 Rb6+ 0-1

[Event "Mecklenburg VP LL2 Ost 1213"]
[Site "Mecklenburg VP"]
[Date "2012.10.14"]
[Round "1.6"]
[White "Lotz, Robert"]
[Black "Schulz, Ronald"]
[Result "0-1"]
[WhiteElo "1767"]
[BlackElo "1597"]
[PlyCount "68"]
[EventDate "2012.10.14"]
[EventType "team-tourn"]
[EventRounds "9"]
[EventCountry "GER"]
[SourceTitle "EXT 2022"]
[Source "ChessBase"]
[SourceDate "2021.10.06"]
[SourceVersion "1"]
[SourceVersionDate "2021.10.06"]
[SourceQuality "1"]
[WhiteTeam "Waren ESV"]
[BlackTeam "Neubrandenburg SG Eintracht II"]
[WhiteTeamCountry "GER"]
[BlackTeamCountry "GER"]

1. e4 d5 2. exd5 Nf6 3. Nc3 Nxd5 4. Nxd5 Qxd5 5. Nf3 Bg4 6. Be2 Nc6 7. c3 e6 8. d4 f6 9. h3 Bh5 10. 0-0 0-0-0 11. Bf4 g5 12. Bh2 Be7 13. Qc2 Bg6 14. Qb3 Qxb3 15. axb3 Be4 16. Nd2 Bg6 17. Bc4 e5 18. Be6+ Kb8 19. d5 a6 20. Rfe1 Na7 21. Nc4 Rhf8 22. Ne3 Bc5 23. b4 Bxe3 24. fxe3 Be4 25. c4 Nc8 26. Bxc8 Kxc8 27. Ra5 c6 28. dxc6 Rd2 29. cxb7+ Kxb7 30. Rea1 Rxg2+ 31. Kh1 Rxb2+ 32. Kg1 Rg2+ 33. Kh1 Rd8 34. Rxa6 Ra2+ 0-1

[Event "Mecklenburg VP VL 1112"]
[Site "Mecklenburg VP"]
[Date "2012.02.26"]
[Round "7.5"]
[White "Lotz, Robert"]
[Black "Sowada, Christoph"]
[Result "1-0"]
[WhiteElo "1773"]
[BlackElo "2023"]
[PlyCount "74"]
[EventDate "2011.10.02"]
[EventType "team-tourn"]
[EventRounds "9"]
[EventCountry "GER"]
[SourceTitle "EXT 2022"]
[Source "ChessBase"]
[SourceDate "2021.10.06"]
[SourceVersion "1"]
[SourceVersionDate "2021.10.06"]
[SourceQuality "1"]
[WhiteTeam "Waren ESV"]
[BlackTeam "Greifswald II"]
[WhiteTeamCountry "GER"]
[BlackTeamCountry "GER"]

1. e4 c5 2. Nf3 d6 3. d4 cxd4 4. Nxd4 Nf6 5. Bb5+ Bd7 6. Bxd7+ Nbxd7 7. Nc3 g6 8. h3 Bg7 9. 0-0 0-0 10. Be3 Rc8 11. Qe2 a6 12. f3 b5 13. a4 b4 14. Na2 a5 15. c3 bxc3 16. Nxc3 Nh5 17. Rfd1 Be5 18. g4 Nf4 19. Qd2 g5 20. Nde2 Nc5 21. Rab1 Nce6 22. Nd5 Nxe2+ 23. Qxe2 Nf4 24. Qd2 Nxh3+ 25. Kg2 e6 26. Kxh3 exd5 27. Bxg5 Bf6 28. Bh6 Re8 29. Qxd5 Re6 30. Qd2 Rc5 31. Bf4 Be5 32. Be3 Rc4 33. b3 Rc3 34. Rdc1 Qf6 35. Kg2 Qh4 36. Bf4 Rf6 37. Rh1 Qxh1+ 1-0

[Event "Mecklenburg VP LL2 Ost 1011"]
[Site "Mecklenburg VP"]
[Date "2011.01.23"]
[Round "6.5"]
[White "Lotz, Robert"]
[Black "Isigkeit, Hans Juergen"]
[Result "1-0"]
[WhiteElo "1746"]
[BlackElo "1645"]
[PlyCount "87"]
[EventDate "2010.10.10"]
[EventType "team-tourn"]
[EventRounds "9"]
[EventCountry "GER"]
[SourceTitle "EXT 2022"]
[Source "ChessBase"]
[SourceDate "2021.10.06"]
[SourceVersion "1"]
[SourceVersionDate "2021.10.06"]
[SourceQuality "1"]
[WhiteTeam "Waren ESV"]
[BlackTeam "Stralsund FHSG II"]
[WhiteTeamCountry "GER"]
[BlackTeamCountry "GER"]

1. e4 c5 2. Nf3 Nc6 3. d4 cxd4 4. Nxd4 Nf6 5. Nc3 e5 6. Ndb5 d6 7. Bg5 a6 8. Bxf6 gxf6 9. Na3 b5 10. Nd5 Be6 11. c3 Bg7 12. Qd3 Ne7 13. Ne3 Qb6 14. Nac2 0-0 15. Be2 Ng6 16. g3 Rfd8 17. Nb4 Ne7 18. 0-0 Qb7 19. Rfd1 Bh6 20. Ned5 Bg7 21. Nxe7+ Qxe7 22. Nc6 Qc7 23. Nxd8 Rxd8 24. Bf3 Bc4 25. Qd2 Qc6 26. Qe3 Qc8 27. Be2 Be6 28. Rd2 f5 29. Rad1 f4 30. Qb6 fxg3 31. hxg3 Bf8 32. a4 Bb3 33. axb5 Bxd1 34. Rxd1 axb5 35. Bxb5 Qb8 36. Qc6 Rc8 37. Qd7 Rc7 38. Qg4+ Kh8 39. c4 f6 40. Qe6 Kg7 41. Kg2 Qa8 42. Qf5 Qa2 43. Rh1 h6 44. Be8 1-0

[Event "Mecklenburg VP LL2 Ost 1011"]
[Site "Mecklenburg VP"]
[Date "2010.12.12"]
[Round "4.5"]
[White "Lotz, Robert"]
[Black "Zibell, Walter"]
[Result "1-0"]
[WhiteElo "1746"]
[BlackElo "1766"]
[PlyCount "118"]
[EventDate "2010.10.10"]
[EventType "team-tourn"]
[EventRounds "9"]
[EventCountry "GER"]
[SourceTitle "EXT 2022"]
[Source "ChessBase"]
[SourceDate "2021.10.06"]
[SourceVersion "1"]
[SourceVersionDate "2021.10.06"]
[SourceQuality "1"]
[WhiteTeam "Waren ESV"]
[BlackTeam "Neubrandenburg SG Eintracht II"]
[WhiteTeamCountry "GER"]
[BlackTeamCountry "GER"]

1. e4 c5 2. Nf3 d6 3. d4 cxd4 4. Nxd4 Nf6 5. f3 a6 6. Bc4 e6 7. 0-0 Be7 8. c3 b5 9. Bb3 Qc7 10. a4 e5 11. Nc2 Bb7 12. Ne3 0-0 13. axb5 axb5 14. Rxa8 Bxa8 15. Bd5 Bxd5 16. Nxd5 Nxd5 17. exd5 f5 18. Be3 Nd7 19. Qe2 Qb7 20. Na3 Rb8 21. Rd1 b4 22. Nc2 bxc3 23. bxc3 Qb2 24. Qd2 Rc8 25. Nb4 Qxc3 26. Nc6 Rxc6 27. dxc6 Qxc6 28. f4 Nf6 29. fxe5 dxe5 30. Qa2+ Kf8 31. Rc1 Qd5 32. Qc2 f4 33. Bf2 Qe6 34. Bh4 Ng4 35. Bxe7+ Kxe7 36. h3 Qb6+ 37. Kh1 Nf6 38. Qc8 Kf7 39. Qf5 Qd6 40. Rb1 Qc7 41. Re1 g6 42. Qxe5 Qxe5 43. Rxe5 Nh5 44. Kg1 Kf6 45. Ra5 Ng3 46. Kf2 Nf5 47. Kf3 g5 48. Ra6+ Ke5 49. Ra7 h5 50. Ra5+ Kf6 51. Ke4 Nh4 52. Ra6+ Kg7 53. Ra5 Kf6 54. Ra6+ Kg7 55. Ke5 Nxg2 56. Kf5 g4 57. hxg4 hxg4 58. Kxg4 Ne3+ 59. Kxf4 Nd5+ 1-0

[Event "Mecklenburg VP LL2 Ost 0910"]
[Site "Mecklenburg VP"]
[Date "2010.03.28"]
[Round "6.6"]
[White "Luther, Alexander"]
[Black "Lotz, Robert"]
[Result "1/2-1/2"]
[WhiteElo "1621"]
[BlackElo "1729"]
[PlyCount "90"]
[EventDate "2009.10.18"]
[EventType "team-tourn"]
[EventRounds "9"]
[EventCountry "GER"]
[SourceTitle "EXT 2016"]
[Source "ChessBase"]
[SourceDate "2015.10.08"]
[SourceVersion "1"]
[SourceVersionDate "2015.10.08"]
[SourceQuality "1"]
[WhiteTeam "Guestrow/Teterow"]
[BlackTeam "Waren"]
[WhiteTeamCountry "GER"]
[BlackTeamCountry "GER"]

1. e4 c5 2. Nf3 Nc6 3. d4 cxd4 4. Nxd4 g6 5. Be3 Bg7 6. Nc3 a6 7. f3 e6 8. Qd2 Nge7 9. Be2 0-0 10. g4 Qc7 11. Nxc6 bxc6 12. Bh6 d5 13. Bxg7 Kxg7 14. 0-0-0 Bb7 15. h4 h6 16. Bd3 d4 17. Ne2 e5 18. f4 c5 19. b3 a5 20. h5 exf4 21. Nxf4 g5 22. Ne2 a4 23. Rhf1 axb3 24. axb3 Bc6 25. Kb2 Qa5 26. Qxa5 Rxa5 27. Ra1 Rxa1 28. Rxa1 Ra8 29. c3 dxc3+ 30. Nxc3 Rxa1 31. Kxa1 Kf6 32. Bc4 Ke5 33. Bxf7 Bxe4 34. Nxe4 Kxe4 35. Kb2 Nc6 36. Kc3 Ne5 37. Be6 Kf4 38. Bc8 Nxg4 39. Kc4 Ne3+ 40. Kxc5 g4 41. b4 g3 42. Bb7 Ke5 43. b5 Nf5 44. b6 Nd6 45. Bg2 Ke6 1/2-1/2

[Event "Mecklenburg VP-ch Seniors op 09th"]
[Site "Binz"]
[Date "2009.12.08"]
[Round "8.28"]
[White "Lotz, Robert"]
[Black "Wittkugel, Friedhelm"]
[Result "1-0"]
[WhiteElo "1729"]
[BlackElo "1816"]
[PlyCount "83"]
[EventDate "2009.12.01"]
[EventType "swiss"]
[EventRounds "9"]
[EventCountry "GER"]
[SourceTitle "EXT 2022"]
[Source "ChessBase"]
[SourceDate "2021.10.06"]
[SourceVersion "1"]
[SourceVersionDate "2021.10.06"]
[SourceQuality "1"]

1. e4 g6 2. Nf3 Bg7 3. d4 d6 4. Bc4 e6 5. 0-0 c6 6. Re1 Ne7 7. Bg5 h6 8. Be3 0-0 9. Qd2 Kh7 10. Bd3 Qc7 11. c4 Nd7 12. Nc3 a6 13. Rac1 e5 14. b4 exd4 15. Nxd4 Ne5 16. Be2 c5 17. bxc5 dxc5 18. Nb3 b6 19. a4 Be6 20. Nd5 Bxd5 21. cxd5 Nc8 22. f4 Nd7 23. a5 Re8 24. e5 Bf8 25. d6 Qd8 26. axb6 Ncxb6 27. Nxc5 Nxc5 28. Bxc5 Nd7 29. Bf2 Bg7 30. Bf3 Rb8 31. Qa2 Rf8 32. Qxa6 g5 33. g3 gxf4 34. gxf4 Rb2 35. Qd3+ Kh8 36. Bd4 Ra2 37. Bd5 Ra4 38. Bb3 Rb4 39. Bc2 f5 40. exf6 Nxf6 41. Bxf6 Qb6+ 42. Re3 1-0